[Event "AUTO-OPEN-2955"]
[Site "http://www.queenalice.com/game.php?id=1166612"]
[Date "2013.3.31"]
[Round "1"]
[White "AverBond"]
[Black "bdpq"]
[Result "1-0"]
[WhiteElo "1767"]
[BlackElo "1633"]

1. f4 d5 2. Nf3 Bg4 3. Ne5 Bh5 4. c4 dxc4 5. Qa4+ c6 6. Qxc4 Qd5 7. Qb4 c5 8.
Qb5+ Nc6 9. Qxb7 Rd8 10. Qxc6+ Qxc6 11. Nxc6 Rd7 12. Ne5 Rd6 13. Nc4 Rf6 14. e3
g6 15. Ne5 Bg7 16. g4 Nh6 17. gxh5 gxh5 18. Nc3 Ra6 19. Bxa6 O-O 20. b3 Nf5 21.
Rg1 Nh4 22. Kf2 f6 23. Bc4+ Kh8 24. Nf7+ Kg8 25. Nd8+ Kh8 26. Ne6 Rf7 27. Bb2
Bh6 28. Nd8 Rf8 29. Nf7+ Rxf7 30. Bxf7 Bg7 31. b4 cxb4 32. Nd5 h6 33. Nxe7 a5
34. Rac1 a4 35. Rc8+ Kh7 36. Nf5 Nxf5 37. Bg6# 1-0

[Event "AUTO-OPEN-2955"]
[Site "http://www.queenalice.com/game.php?id=1166613"]
[Date "2013.3.31"]
[Round "1"]
[White "bdpq"]
[Black "AverBond"]
[Result "0-1"]
[WhiteElo "1618"]
[BlackElo "1705"]

1. e4 c5 2. f3 Nc6 3. Nh3 d5 4. Bb5 Bxh3 5. Bxc6+ bxc6 6. gxh3 e6 7. e5 Qh4+ 8.
Ke2 Nh6 9. Qf1 Nf5 10. Nc3 Nd4+ 11. Kd3 Qf4 12. Ne2 c4+ 13. Kc3 Nb5# 0-1

[Event "AUTO-OPEN-2955"]
[Site "http://www.queenalice.com/game.php?id=1166616"]
[Date "2013.3.31"]
[Round "1"]
[White "AverBond"]
[Black "Rusty"]
[Result "0-1"]
[WhiteElo "1718"]
[BlackElo "2349"]

1. e4 e5 2. Nf3 Nc6 3. d4 exd4 4. Nxd4 Nf6 5. Nxc6 bxc6 6. e5 Qe7 7. Qe2 Nd5 8.
Nd2 Bb7 9. a3 O-O-O 10. Nf3 f6 11. c4 Nb6 12. exf6 gxf6 13. Qxe7 Bxe7 14. Be3 c5
15. Be2 Rhg8 16. Bf4 Nxc4 17. Bxc4 Rg4 18. Be2 Rxf4 19. O-O-O Rg8 20. Rhg1 c4
21. Kd2 Bc5 22. Rdf1 d5 23. g3 Rf5 24. Ke1 d4 25. Nh4 Re5 26. Kd1 d3 27. Bf3
Rge8 28. Bg4+ Kb8 29. Kd2 Re2+ 30. Bxe2 Rxe2+ 31. Kc1 Bd4 32. Nf5 Bxb2+ 0-1

[Event "AUTO-OPEN-2955"]
[Site "http://www.queenalice.com/game.php?id=1166617"]
[Date "2013.3.31"]
[Round "1"]
[White "Rusty"]
[Black "AverBond"]
[Result "0-1"]
[WhiteElo "2350"]
[BlackElo "1720"]

1. d4 d5 2. e3 Nf6 3. Bd3 e6 4. Nf3 c5 5. c3 Nc6 6. Nbd2 Qc7 7. O-O Be7 8. Qe2
O-O 9. e4 dxe4 10. Nxe4 cxd4 11. Nxd4 Nxd4 12. cxd4 Nd5 13. Qh5 g6 14. Qf3 Bd7
15. Bh6 Rfe8 16. Rfd1 Bc6 17. Rac1 Qd8 18. Qg3 Qb8 19. Qe5 Bf8 20. Bxf8 Rxf8 21.
Bc4 Qxe5 22. dxe5 Rfd8 23. Bxd5 Bxd5 24. Nf6+ Kg7 25. Nxd5 Rxd5 26. Rxd5 exd5
27. Rc7 d4 28. Rd7 Rc8 29. f4 Rc2 30. Rxb7 d3 31. Rd7 d2 32. Kf1 Rxb2 33. Ke2
Rxa2 34. e6 Ra6 35. Rxf7+ Kg8 36. Re7 Rd6 37. Rxa7 d1=Q+ 0-1

[Event "OS INCLIVEIS"]
[Site "http://www.queenalice.com/game.php?id=1170516"]
[Date "2013.4.11"]
[Round "-"]
[White "adelio"]
[Black "AverBond"]
[Result "0-1"]
[WhiteElo "1785"]
[BlackElo "1750"]

1. d4 d5 2. e4 c5 3. c4 cxd4 4. cxd5 e5 5. h4 Be7 6. h5 h6 7. a3 Qb6 8. Ra2 Nf6
9. f3 Na6 10. b4 Nc7 11. Bd3 a5 12. Qb3 axb4 13. a4 Bd7 14. Bc4 O-O 15. g4 Nh7
16. Rg2 Bxa4 17. Qb2 Bg5 18. Nd2 Rfc8 19. f4 Bxf4 20. Ndf3 Bxc1 21. Qxc1 Ne8 22.
Nxe5 Bb5 23. Qf4 Nd6 24. Nxf7 Nxf7 25. Qxf7+ Kxf7 26. Rf2+ Kg8 27. d6+ Bxc4 28.
d7 Ra1+ 29. Kd2 Rca8 30. Rf8+ Nxf8 31. d8=Q R8a2# 0-1

[Event "AUTO-OPEN-2968"]
[Site "http://www.queenalice.com/game.php?id=1172275"]
[Date "2013.4.16"]
[Round "1"]
[White "Kavkaz95"]
[Black "AverBond"]
[Result "0-1"]
[WhiteElo "2112"]
[BlackElo "1808"]

1. e4 c5 2. Nf3 Nc6 3. c3 d5 4. e5 Bf5 5. d4 e6 6. a3 Qb6 7. b4 cxd4 8. cxd4
Nge7 9. Nc3 h6 10. Nb5 Nc8 11. Nh4 Bh7 12. Be3 a6 13. Nc3 Be7 14. Nf3 O-O 15.
Bd3 Bd8 16. O-O N8e7 17. Ne1 Rc8 18. Qc2 Bxd3 19. Qxd3 Nf5 20. Nc2 Qa7 21. f4 b6
22. g4 Nxe3 23. Nxe3 b5 24. Ne2 Bb6 25. Rad1 Rc7 26. f5 Nxe5 27. dxe5 Bxe3+ 28.
Kh1 Bg5 29. Nd4 exf5 30. gxf5 Rfc8 31. f6 Rc3 32. Qf5 g6 33. Qg4 Be3 34. Nf5
R8c4 35. Ne7+ Kh7 36. e6 Rxg4 37. exf7 Qb8 38. Rxd5 Rh4 39. Re5 Rxh2+ 40. Kxh2
Qxe5+ 41. Kg2 Rc2+ 42. Kf3 Qf4# 0-1

[Event "AUTO-OPEN-2968"]
[Site "http://www.queenalice.com/game.php?id=1172276"]
[Date "2013.4.16"]
[Round "1"]
[White "AverBond"]
[Black "Kavkaz95"]
[Result "0-1"]
[WhiteElo "1836"]
[BlackElo "1978"]

1. d4 Nf6 2. c4 e6 3. Nf3 c5 4. e3 d5 5. Nc3 Nc6 6. cxd5 exd5 7. dxc5 Bxc5 8.
Nb5 O-O 9. Be2 a6 10. Nbd4 Bg4 11. O-O Re8 12. a3 Qb6 13. Nxc6 bxc6 14. b4 Bd6
15. Bb2 Ne4 16. Nd4 Bd7 17. Bg4 Bxg4 18. Qxg4 Be5 19. Qe2 a5 20. bxa5 Rxa5 21.
a4 Rea8 22. Qc2 c5 23. Nb5 Bxb2 24. Qxb2 Rxa4 25. Rxa4 Rxa4 26. Ra1 Qa5 27. Na3
h6 28. Qb8+ Kh7 29. Qe5 Qa8 30. Nc2 Rxa1+ 31. Qxa1 Qxa1+ 32. Nxa1 Nd2 33. f3 Kg6
34. Kf2 Kf5 35. Ke2 Nc4 36. Nb3 Ke5 37. Nxc5 g5 38. Kd3 Nb2+ 39. Kc2 Nc4 40. Kd3
Nd6 41. Nd7+ Kf5 42. Kd4 Kg6 43. Kxd5 Nf5 44. Ke4 Nd6+ 45. Kd3 Nf5 46. g4 Nh4
47. f4 Nf3 48. Ne5+ Nxe5+ 0-1

[Event "AUTO-OPEN-2968"]
[Site "http://www.queenalice.com/game.php?id=1172303"]
[Date "2013.4.16"]
[Round "1"]
[White "Ridigroll"]
[Black "AverBond"]
[Result "0-1"]
[WhiteElo "1990"]
[BlackElo "1778"]

1. e4 c5 2. Nf3 Nc6 3. d4 cxd4 4. Nxd4 d5 5. Bb5 dxe4 6. Nxc6 Qxd1+ 7. Kxd1 a6
8. Ba4 Bd7 9. Nc3 Bxc6 10. Bxc6+ bxc6 11. Nxe4 e6 12. Be3 Nf6 13. Nxf6+ gxf6 14.
c3 Rg8 15. g3 O-O-O+ 16. Kc2 Kb7 17. Rad1 Be7 18. Rxd8 Rxd8 19. Rd1 Rxd1 20.
Kxd1 f5 21. Ke2 Kc7 22. Kd3 h5 23. h4 f6 24. Kc4 Bd6 25. Bc5 Be5 26. Bd4 Kd6 27.
Bc5+ Kc7 28. Kb4 f4 29. gxf4 Bxf4 30. Bd4 f5 31. Bf6 e5 32. Kc5 e4 33. Kd4 Kd6
34. b4 Ke6 35. Bg7 Bd6 36. Bh6 Be7 37. Bf4 Bxh4 38. Ke3 Bf6 39. c4 Bc3 40. b5
cxb5 41. cxb5 axb5 0-1

[Event "AUTO-OPEN-2968"]
[Site "http://www.queenalice.com/game.php?id=1172304"]
[Date "2013.4.16"]
[Round "1"]
[White "AverBond"]
[Black "Ridigroll"]
[Result "1-0"]
[WhiteElo "1802"]
[BlackElo "2012"]

1. e4 e6 2. d4 d5 3. Nc3 Nf6 4. exd5 exd5 5. Bg5 Be7 6. Bd3 h6 7. Bh4 Nc6 8.
Nge2 Be6 9. a3 Qd7 10. O-O O-O-O 11. b4 g5 12. Bg3 h5 13. b5 Nb8 14. Be5 Rh6 15.
f4 Ne4 16. Nxe4 dxe4 17. Bxe4 g4 18. f5 Bc4 19. f6 Bd6 20. Bf5 Be6 21. Qd2 Bxe5
22. Qxh6 Bxd4+ 23. Nxd4 Qxd4+ 24. Kh1 Bxf5 25. Qxh5 Be6 26. Rae1 Nd7 27. Qg5 Qd6
28. a4 Rh8 29. Qf4 g3 30. h3 Bd5 31. Qg4 Kb8 32. Re3 Nxf6 33. Qg7 Rxh3+ 34. Kg1
b6 35. gxh3 Qc5 36. Qxg3 Ne4 37. Qf4 Qxc2 38. Rfe1 Nd6 39. R1e2 Qd1+ 40. Kf2 Qh1
41. Qxd6 Qg2+ 42. Ke1 Qg1+ 43. Kd2 Qxe3+ 44. Rxe3 cxd6 45. h4 Be6 46. Rxe6 1-0

[Event "AUTO-OPEN-2968"]
[Site "http://www.queenalice.com/game.php?id=1172321"]
[Date "2013.4.16"]
[Round "1"]
[White "Mapelli"]
[Black "AverBond"]
[Result "0-1"]
[WhiteElo "1499"]
[BlackElo "1804"]

1. b3 e5 2. Bb2 Nc6 3. g3 d5 4. Bg2 Nf6 5. Nf3 Bd6 6. h3 O-O 7. e3 h6 8. O-O e4
9. Nh4 Be6 10. a3 Be5 11. d4 exd3 12. Qxd3 Bxb2 13. Nd2 Bxa1 14. Rxa1 Qd7 15. b4
Bxh3 16. Bxh3 Qxh3 17. f3 Qxg3+ 18. Ng2 d4 19. exd4 Nh5 20. Ne4 Qg6 21. Rf1 Nf4
22. Rf2 Nh3+ 23. Kf1 Nxf2 24. Kxf2 Rad8 25. Nf4 Qf5 26. Ne2 Rfe8 27. N2g3 Qf4
28. Kg2 Rxd4 29. Qc3 Rd1 30. b5 Ne5 31. a4 Red8 32. a5 R8d2+ 33. Nf2 Rg1+ 34.
Kxg1 Qxg3+ 35. Kf1 Qxf2# 0-1

[Event "AUTO-OPEN-2968"]
[Site "http://www.queenalice.com/game.php?id=1172322"]
[Date "2013.4.16"]
[Round "1"]
[White "AverBond"]
[Black "Mapelli"]
[Result "1-0"]
[WhiteElo "1826"]
[BlackElo "1493"]

1. d4 b6 2. e4 Bb7 3. Nc3 g6 4. Nf3 Bg7 5. Bc4 e6 6. O-O Ne7 7. Bg5 h6 8. Bh4 g5
9. Bg3 f6 10. e5 d6 11. exd6 cxd6 12. Bxe6 Nbc6 13. Ne5 dxe5 14. Qh5+ 1-0